The Governance of China (Record no. 2187)

MARC details
000 -Etiqueta do registo
Campo de controlo de comprimento fixo 00326 a2200145 4500
020 ## - ISBN (NÚMERO DE LIVRO PADRÃO INTERNACIONAL)
ISBN 978-7-119-14336-1
040 ## - Fonte de Catalogação
Agência de catalogação Biblioteca Geral- Universidade Lusíada de Angola
082 ## - DEWEY DECIMAL CLASSIFICATION NUMBER
Classificador- CDU 32
100 ## - Nome Pessoal
9 (RLIN) 1011
Autor XI,Jinping
245 ## - Declaração de Título
Título The Governance of China
260 ## - Publicação e Destribuíção
Local de edição/distribuição China ,
Editor/distribuidor Foreign Language Press
Data de edição/distribuição 2025.
300 ## - Descrição Física
Nº Pág. 635p
650 ## - MATERIA
MATERIA Politica
942 ## - - Elementos de entrada adicionados (koha)
Tipo de documento Livros
Holdings
Withdrawn status Lost status Source of classification or shelving scheme Damaged status Not for loan Permanent Location Current Location Date acquired Inventory number Total Checkouts Full call number Date last seen Price effective from Koha item type
    Dewey Decimal Classification     Biblioteca Geral- Universidade Lusíada de Angola Biblioteca Geral- Universidade Lusíada de Angola 02/04/2026 9 (1)   32 02/04/2026 02/04/2026 Livros
    Dewey Decimal Classification     Biblioteca Geral- Universidade Lusíada de Angola Biblioteca Geral- Universidade Lusíada de Angola 02/04/2026 9 (1)   32 02/04/2026 02/04/2026 Livros